| 000 | 00329nam a22001337a 4500 | ||
|---|---|---|---|
| 020 | _qHB. | ||
| 040 | _cFIZZA ISHAQ | ||
| 082 |
_a004.2 _bMIL |
||
| 100 |
_aMURDOCCA J.MILES. _989202 |
||
| 245 |
_aCOMPUTER ARCHITECTURE ORGANIZATION / _cMILES J.MURDOCCA. |
||
| 260 |
_aWILEY SON ; _c2007. |
||
| 300 | _a524 P. ; | ||
| 942 |
_2ddc _cBK |
||
| 999 |
_c588015 _d588015 |
||